Rozširovania výroby v podmienkach Johns Manville Slovakia
Počítačová simulácia ako nástroj pri rozhodovaní. Príklad spoločnosti Johns Manville, pôvodne Skloplast Trnava, a.s. Simulačný projekt rozširovania výrobných kapacít. Vytvorenie simulačných modelov na počítači. Výsledky a priebeh simulačného projektu zameraného na overenie funkčnosti transportného s...
Salvato in:
| Autore principale: | |
|---|---|
| Altri autori: | |
| Natura: | Capitolo di libro |
| Lingua: | slovacco |
| Soggetti: | |
| Tags: |
Nessun Tag, puoi essere il primo ad aggiungerne!!
|
MARC
| LEADER | 00000naa$a2200000$$$4500 | ||
|---|---|---|---|
| 001 | 0034688 | ||
| 005 | 20231018132811.9 | ||
| 041 | 0 | |a slo | |
| 044 | |a SK | ||
| 245 | 1 | 0 | |a Rozširovania výroby v podmienkach Johns Manville Slovakia |c Andrej Kalinay, Andrej Štefánik |
| 520 | |a Počítačová simulácia ako nástroj pri rozhodovaní. Príklad spoločnosti Johns Manville, pôvodne Skloplast Trnava, a.s. Simulačný projekt rozširovania výrobných kapacít. Vytvorenie simulačných modelov na počítači. Výsledky a priebeh simulačného projektu zameraného na overenie funkčnosti transportného systému. | ||
| 610 | 2 | 0 | |a rozvoj podniku |
| 610 | 2 | 0 | |a kapacita výrobná |
| 610 | 2 | 0 | |a stratégia podniková |
| 610 | 2 | 0 | |a rozhodovanie strategické |
| 610 | 2 | 0 | |a simulácia |
| 610 | 2 | 0 | |a modely simulačné |
| 610 | 2 | 0 | |a Johns Manville Slovakia |
| 100 | 1 | |a Kalinay, Andrej | |
| 700 | 1 | |a Štefánik, Andrej | |